Jak posoudit finanční zdraví firmy

Gespeichert in:
Bibliographische Detailangaben
1. Verfasser: Blaha, Zdenek Sid
Weitere Verfasser: Jindřichovská, Irena
Format: Buch
Sprache:Tschechisch
Veröffentlicht: Praha Management Press 2006
Ausgabe:3. rozšíř. a dopln. vyd.
Schlagworte:
Tags: Tag hinzufügen
Keine Tags, Fügen Sie das erste Tag hinzu!

MARC

LEADER 00000nam$a2200000$$$4500
001 0053586
005 20240313133044.5
020 |a 80-7261-145-3 
041 0 |a cze 
044 |a CZ 
245 1 0 |a Jak posoudit finanční zdraví firmy  |c Zdenek Sid Blaha & Irena Jindřichovská 
250 |a 3. rozšíř. a dopln. vyd. 
264 1 |a Praha  |b Management Press  |c 2006 
300 |a 194 s. 
610 2 0 |a podnik 
610 2 0 |a firmy 
610 2 0 |a analýza finančná 
610 2 0 |a cykly výrobné 
610 2 0 |a fondy podnikové 
610 2 0 |a výkazy účtovné 
610 2 0 |a analýza fundamentálna 
610 2 0 |a riziko podnikateľské 
610 2 0 |a riziko finančné 
610 2 0 |a projektovanie finančné 
610 2 0 |a štúdie pracovné 
610 2 0 |a výkazy finančné 
100 1 |a Blaha, Zdenek Sid 
700 1 |a Jindřichovská, Irena